• 首页
  • 本馆介绍
  • 公告通知
  • 最新文献
  • 馆藏检索
  • 电子资源
  • 读者导购
  • 参考咨询
  • 我的图书馆
  • 登录
  • 详细信息显示
  • 放入我的书架
  • 预约/预借图书
  • 作者相关作品
  • 分类相关作品
  • 丛书相关作品
  • 出版社相关作品

书目信息

  • 表格格式
  • 工作单格式
  • 卡片格式
题名:
金属材料可切削性与刀具
    
 
作者: 韩克筠 编著
分册:  
出版信息: 南京   江苏科学技术出版社  1980
页数: 268页
开本: 25cm
丛书名:
单 册:
中图分类: TG506 , TG71
科图分类:
主题词: 金属材料-切削性能 , 切削性能-金属材料 , 金属材料-刀具(金属切削) , 刀具(金属切削)-金属材料
电子资源:
ISBN:
000 00796nam0 2200289 45
001 0180010070
005 20040521145333.7
010    @dCNY1.62
091    @a15196.039
100    @a19950630d1980 em y0chiy0121 ea
101 0  @achi
102    @aCN@b320000
105    @ay z 000yy
106    @ar
200 10 @a金属材料可切削性与刀具@Ajin shu cai liao ke qie xiao xing yu dao ju@f韩克筠编著
210    @a南京@c江苏科学技术出版社@d1980
215    @a268页@d25cm
606    @a金属材料-切削性能
606    @a切削性能-金属材料
606    @a金属材料-刀具(金属切削)
606    @a刀具(金属切削)-金属材料
690    @aTG506@v3
690    @aTG71@v3
701  0 @a韩克筠@Ahan ke jun@4编著
801  0 @aCN@b上海图书馆@c20040521
801  2 @aCN@bNLC@c20040521
905    @f1@b34761@dTG506@e15
    
    金属材料可切削性与刀具/韩克筠编著.-南京:江苏科学技术出版社,1980
    268页;25cm
    
    
    ISBN :CNY1.62
    
●
相关链接 在E读中查询图书 在五车中查询图书 在当当中查询图书 在豆瓣中查询图书


正题名:金属材料可切削性与刀具     索取号:TG506/15         预约/预借

序号 登录号 条形码 馆藏地/架位号 状态 备注
1 0034761   001363116   第三借阅区/ [索取号:TG506/15] 在馆    
2 0034762   001363072   第二样本阅览室/ [索取号:TG506/15] 在馆    
唐山师范学院图书馆 欢迎您!
大连网信软件有限公司© 版权所有